| 000 | 01143cab a2200349 4500 | ||
|---|---|---|---|
| 001 | ABS57308 | ||
| 008 | 090401t1997 xxu||||| |||| 00| 0 eng d | ||
| 035 | _a(Sirsi) u79467 | ||
| 041 | _aeng | ||
| 100 | _aSmithers, T. | ||
| 245 | _aStay on the right side | ||
| 260 | _c1997 | ||
| 350 | _a0 | ||
| 490 |
_aEstates Gazette _v(9726) 28 June 1997, 138-140(3) |
||
| 520 | _aExamines the role of side letters in leases and whether they are enforceable by or against successors in title. Quotes case law. | ||
| 650 | _aCOMFORT LETTERS | ||
| 650 | _aEXECUTED AGREEMENTS | ||
| 650 | _aEXECUTORY AGREEMENTS | ||
| 650 | _aLAW OF PROPERTY (MISCELLANEOUS PROVISIONS) ACT 1989 | ||
| 650 | _aLEASES | ||
| 650 | _aLOTTERYKING LTD V AMEC PROPERTIES LTD | ||
| 650 | _aMCCAUSLAND AND ANOTHER V DUNCAN LAWRIE LTD AND ANOTHER | ||
| 650 | _aRECORD V BELL | ||
| 650 | _aSIDE LETTERS | ||
| 650 | _aSUCCESSORS IN TITLE | ||
| 650 | _aSYSTEM FLOORS LTD V RURALPRIDE LTD | ||
| 650 | _aTOOTAL CLOTHING LTD V GUINEA PROPERTIES LTD | ||
| 690 | _aPROPERTY-LANDLORD AND TENANT | ||
| 700 | _aStratton, S. | ||
| 942 | _n0 | ||
| 948 | _c04/07/1997 | ||
| 999 |
_c49959 _d49959 |
||